Non Linear Finite Element Analysus of Solids and Structures [ vol 2] (Record no. 1238)

000 -LEADER
fixed length control field 00349 a2200109 4500
020 ## - INTERNATIONAL STANDARD BOOK NUMBER
International Standard Book Number 0471929565
082 ## - DEWEY DECIMAL CLASSIFICATION NUMBER
Classification number 624.171 CRI
100 ## - MAIN ENTRY--PERSONAL NAME
Personal name Crisfield, M. A.
245 ## - TITLE STATEMENT
Title Non Linear Finite Element Analysus of Solids and Structures [ vol 2]
Statement of responsibility, etc. M. A. Crisfield
260 ## - PUBLICATION, DISTRIBUTION, ETC.
Place of publication, distribution, etc. England :
Name of publisher, distributor, etc. John Wiley and Sons,
Date of publication, distribution, etc. 1991
300 ## - PHYSICAL DESCRIPTION
Extent xv, 345p. :
Other physical details ill. ;
Dimensions 28 cm
650 ## - SUBJECT ADDED ENTRY--TOPICAL TERM
Topical term or geographic name entry element Structural Analysis
Holdings
Withdrawn status Lost status Damaged status Not for loan Permanent Location Current Location Shelving location Date acquired Total Checkouts Full call number Barcode Date last seen Price effective from Koha item type
        School of Civil and Environmental Engineering (SCEE) School of Civil and Environmental Engineering (SCEE)       624.171 CRI NIT-4124 01/05/2017 01/05/2017 Book
        School of Civil and Environmental Engineering (SCEE) School of Civil and Environmental Engineering (SCEE)         NIT-765 01/05/2017 01/05/2017 Book
© 2023 Central Library, National University of Sciences and Technology. All Rights Reserved.